LEADER 02339nam0 2200529 i 450 001 VAN0124175 005 20230703125249.536 017 70$2N$a9783319530611 100 $a20191009d2017 |0itac50 ba 101 $aeng 102 $aCH 105 $a|||| ||||| 200 1 $aDescriptor Revision$eBelief Change through Direct Choice$fSven Ove Hansson 210 $aCham$cSpringer$d2017 215 $axviii, 239 p.$cill.$d24 cm 410 1$1001VAN0103150$12001 $aTrends in logic$estudia logica library$1210 $aBerlin [etc.]$cSpringer$v46 500 1$3VAN0235545$aDescriptor Revision : Belief Change through Direct Choice$92493957 606 $a03-XX$xMathematical logic and foundations [MSC 2020]$3VANC019750$2MF 606 $a03Axx$xPhilosophical aspects of logic and foundations [MSC 2020]$3VANC031175$2MF 606 $a03B42$xLogics of knowledge and belief (including belief change) [MSC 2020]$3VANC033625$2MF 610 $aAGM Model$9KW:K 610 $aBelief Change$9KW:K 610 $aBelief Revision$9KW:K 610 $aContraction$9KW:K 610 $aDatabase Updating$9KW:K 610 $aDescriptor Revision$9KW:K 610 $aEpistemic Entrenchment$9KW:K 610 $aGlobal descriptor revision$9KW:K 610 $aLocal descriptor revision$9KW:K 610 $aPossible world models$9KW:K 610 $aRamsey descriptors$9KW:K 610 $aRevocation$9KW:K 610 $aTheory Change$9KW:K 610 $aTheory Revision$9KW:K 620 $aCH$dCham$3VANL001889 700 1$aHansson$bSven-Ove$3VANV095648$0767519 712 $aShanghai Scientific and Technical Publishers$3VANV115058$4650 712 $aSpringer $3VANV108073$4650 790 1$aHansson, Sven Ove$zHansson, Sven-Ove$3VANV095649 801 $aIT$bSOL$c20240614$gRICA 856 4 $uhttp://doi.org/10.1007/978-3-319-53061-1$zE-book ? Accesso al full-text attraverso riconoscimento IP di Ateneo, proxy e/o Shibboleth 899 $aBIBLIOTECA DEL DIPARTIMENTO DI MATEMATICA E FISICA$1IT-CE0120$2VAN08 912 $fN 912 $aVAN0124175 950 $aBIBLIOTECA DEL DIPARTIMENTO DI MATEMATICA E FISICA$d08CONS e-book 0617 $e08eMF617 20191009 996 $aDescriptor Revision : Belief Change through Direct Choice$92493957 997 $aUNICAMPANIA LEADER 02505oas 2200949 a 450 001 9910154535403321 005 20251105213014.0 011 $a1744-4136 035 $a(DE-599)ZDB1483041-3 035 $a(DE-599)1483041-3 035 $a(OCoLC)41955885 035 $a(CONSER) 2007233437 035 $a(CKB)954928598067 035 $a(EXLCZ)99954928598067 100 $a19990726a19959999 sy a 101 0 $aeng 135 $aurmnu|||||||| 181 $ctxt$2rdacontent 182 $cc$2rdamedia 183 $acr$2rdacarrier 200 10$aChild neuropsychology 210 $a[Lisse, the Netherlands] $cSwets & Zeitlinger Pub.$d1995- 210 3 $a[London] $cTaylor & Francis 300 $aRefereed/Peer-reviewed 311 08$a0929-7049 606 $aChild psychology$vPeriodicals 606 $aAdolescent psychology$vPeriodicals 606 $aChild development$vPeriodicals 606 $aNeuropsychology$vPeriodicals 606 $aAdolescent psychology$2fast$3(OCoLC)fst00797018 606 $aChild development$2fast$3(OCoLC)fst00854393 606 $aChild psychology$2fast$3(OCoLC)fst00854540 606 $aNeuropsychology$2fast$3(OCoLC)fst01036493 606 $aNeuropsychologie$2gnd 606 $aKind$2gnd 606 $aZeitschrift$2gnd 606 $aOnline-Ressource$2gnd 606 $aEntwicklungsstörung$2gnd 608 $aPeriodicals.$2fast 608 $aPeriodicals.$2lcgft 615 0$aChild psychology 615 0$aAdolescent psychology 615 0$aChild development 615 0$aNeuropsychology 615 7$aAdolescent psychology. 615 7$aChild development. 615 7$aChild psychology. 615 7$aNeuropsychology. 615 7$aNeuropsychologie 615 7$aKind 615 7$aZeitschrift. 615 7$aOnline-Ressource 615 7$aEntwicklungsstörung. 676 $a155.4 801 0$bF#A 801 1$bF#A 801 2$bOCLCQ 801 2$bGUA 801 2$bOCLCQ 801 2$bUKMGB 801 2$bOCLCQ 801 2$bOCLCO 801 2$bOCLCQ 801 2$bOCLCF 801 2$bOCLCO 801 2$bOCLCQ 801 2$bDEFHM 801 2$bOCLCO 801 2$bOCLCA 801 2$bDLC 801 2$bAU@ 801 2$bOCLCA 801 2$bUBY 801 2$bOCLCQ 801 2$bUAB 801 2$bOCLCA 801 2$bOCLCL 801 2$bOCLCQ 906 $aJOURNAL 912 $a9910154535403321 996 $aChild neuropsychology$92123198 997 $aUNINA